Under siege : (Record no. 7531)
[ view plain ]
| 000 -LEADER | |
|---|---|
| fixed length control field | 00922nam a2200337 a 4500 |
| 001 - CONTROL NUMBER | |
| JCCL Control Number | 7531 |
| 003 - CONTROL NUMBER IDENTIFIER | |
| JCCL marc code | BD - JhCC |
| 005 - DATE AND TIME OF LATEST TRANSACTION | |
| control field | 20181006122824.0 |
| 008 - FIXED-LENGTH DATA ELEMENTS--GENERAL INFORMATION | |
| fixed length control field | 891204s1989 enk b 001 0 eng d |
| 020 ## - INTERNATIONAL STANDARD BOOK NUMBER | |
| International Standard Book Number | 1850650519 (Hurst) |
| 020 ## - INTERNATIONAL STANDARD BOOK NUMBER | |
| International Standard Book Number | 0312037090 (St. Martin's) |
| 035 ## - SYSTEM CONTROL NUMBER | |
| system control number | (BD - JhCC)7531 |
| 040 ## - CATALOGING SOURCE | |
| Original cataloging agency | DLC |
| Transcribing agency | DLC |
| Modifying agency | BD-JhCC |
| 041 ## - LANGUAGE CODE | |
| Language code of Book | eng |
| 050 #0 - LIBRARY OF CONGRESS CALL NUMBER | |
| Classification number | DA990.U46 |
| Item number | A87 1989 |
| 082 ## - DEWEY DECIMAL CLASSIFICATION NUMBER | |
| Classification number | 301.31 |
| DDC Edition number | 20 |
| Author mark and Year | WAG 1973 |
| 100 1# - MAIN ENTRY--PERSONAL NAME | |
| Personal name | Wagner, Kenneth A. |
| 245 10 - TITLE STATEMENT | |
| Title | Under siege : |
| Remainder of title | Man, Men, and Earth |
| Statement of responsibility, etc | Kenneth A. Wagner, Paul C. Bailey and Glenn H. Campbell |
| 260 ## - PUBLICATION, DISTRIBUTION, ETC. (IMPRINT) | |
| Place of publication, distribution, etc | London : |
| Name of publisher, distributor, etc | Hurst, |
| Date of publication, distribution, etc | 1989 |
| 263 ## - PROJECTED PUBLICATION DATE | |
| Projected publication date | 8912 |
| 300 ## - PHYSICAL DESCRIPTION | |
| Pagination | xv, 214 p. ; |
| Dimensions | 22 cm |
| 500 ## - GENERAL NOTE | |
| General note | dbd |
| 650 ## - SUBJECT ADDED ENTRY--TOPICAL TERM | |
| Topical term or geographic name as entry element | Ecology |
| 650 ## - SUBJECT ADDED ENTRY--TOPICAL TERM | |
| Topical term or geographic name as entry element | Human ecology |
| 650 ## - SUBJECT ADDED ENTRY--TOPICAL TERM | |
| Topical term or geographic name as entry element | Population |
| 650 ## - SUBJECT ADDED ENTRY--TOPICAL TERM | |
| Topical term or geographic name as entry element | Human beings--Effect of environment on |
| 700 ## - ADDED ENTRY--PERSONAL NAME | |
| Personal name | Bailey, Paul C. |
| 700 ## - ADDED ENTRY--PERSONAL NAME | |
| Personal name | Campbell, Glenn H. |
| 942 ## - ADDED ENTRY ELEMENTS (KOHA) | |
| Source of classification or shelving scheme | Dewey Decimal Classification |
| Koha item type | Books |
| Source of classification or shelving scheme | Damaged status | Not for loan | Home library | Current library | Shelving location | Date of accession | Total Checkouts | Full call number | Barcode | Date last seen | Copy number | Koha item type |
|---|---|---|---|---|---|---|---|---|---|---|---|---|
| Dewey Decimal Classification | JCC Rouf Library | JCC Rouf Library | General Stacks | 12/18/2025 | 301.31 WAG 1973 | 967 | 12/18/2025 | C - 1 | Books |